000 00484nam a2200121Ia 4500
008 160712s9999 xx 000 0 und d
100 _aSerquiña, Oscar Tantoco Jr.
245 _cOscar Tantoco Serquiña, Jr.
_aVoices and Visions: Symbolic Convergences in the Oral Narratives of Filipino Comfort Women
260 _c2015
_bHumanities Diliman
300 _avol. 12 no. 2
650 _xHUMANITIES
856 _uhttp://journals.upd.edu.ph/index.php/humanitiesdiliman/issue/view/502/showToc
999 _c297044
_d297044